| 000 | 01304nam a2200325 i 4500 | ||
|---|---|---|---|
| 001 | 000007042 | ||
| 003 | DO-SdBNP | ||
| 005 | 20240404142118.0 | ||
| 007 | ta | ||
| 008 | 090904s2006 dr a 000 0 spa d | ||
| 020 | _a9945856502 | ||
| 040 |
_aDO-SdBNP _bspa _cBNPHU _erda |
||
| 082 | 4 |
_a421.54 _bA394e _222 |
|
| 100 | 1 |
_aAlgarrobo, Alexes, _919558 _eautor |
|
| 245 | 1 | 0 |
_aExpresiones idiomáticas y frases verbales del inglés americano / _cAlexes Algarrobo ; ilustraciones, Rafael Mercedes, Guillermo Nolasco. |
| 264 |
_aSanto Domingo : _bImpremensa, _c2006. |
||
| 300 |
_a240 páginas : _bilustraciones ; _c22 cm. |
||
| 336 |
_2rdacontent _atexto _btxt |
||
| 337 |
_2rdamedia _asin mediación _bn |
||
| 338 |
_2rdacarrier _avolumen _bnc |
||
| 500 | _aLa biblioteca posee solamente el libro de texto. | ||
| 505 | 0 | _aCurso con 800 expresiones idiomáticas, dichos, proverbios y diversas situaciones de la vida real con ejercicios y explicaciones gramaticales del inglés americano. | |
| 590 | _aInventariado, 2018/VM | ||
| 650 | 4 |
_aInglés _xAmericanismos _919559 |
|
| 650 | 4 |
_aInglés _xPalabras y frases _919560 |
|
| 700 | 1 |
_aMercedes, Rafael, _eilustraciones _919561 |
|
| 700 | 1 |
_aNolasco, Guillermo, _eilustraciones _919562 |
|
| 910 | _aValidado. Control de calidad. MMOLINA | ||
| 942 |
_2ddc _cLBS1 |
||
| 999 |
_c6825 _d6825 |
||